[Event "Villa Martelli Panno 70-B"]
[Site "Villa Martelli"]
[Date "2023.05.11"]
[Round "3"]
[White "Giampa, Alejandro"]
[Black "Villarreal, Agustin"]
[Result "1/2-1/2"]
[WhiteElo "2231"]
[BlackElo "2299"]
[PlyCount "38"]
[EventDate "2023.05.09"]
[EventType "tourn"]
[EventRounds "9"]
[EventCountry "ARG"]
[EventCategory "3"]
[SourceTitle "CBM 214 Extra"]
[Source "ChessBase"]
[SourceDate "2023.07.31"]
[SourceVersion "1"]
[SourceVersionDate "2023.07.31"]
[SourceQuality "1"]

1. c4 e6 2. Nf3 d5 3. e3 Nf6 4. Nc3 Be7 5. b3 c5 6. cxd5 Nxd5 7. Bb2 0-0 8. Qc2 b6 9. Nxd5 exd5 10. d4 Bb7 11. Bd3 h6 12. 0-0 Nd7 13. Rfd1 Qc7 14. Rac1 Rac8 15. dxc5 bxc5 16. e4 dxe4 17. Bxe4 Bxe4 18. Qxe4 Bf6 19. Bxf6 Nxf6 1/2-1/2

[Event "Buenos Aires La Porta Cup"]
[Site "Buenos Aires"]
[Date "2019.03.27"]
[Round "7"]
[White "Giampa, Alejandro"]
[Black "Villarreal, Hector"]
[Result "1-0"]
[WhiteElo "2251"]
[BlackElo "2035"]
[PlyCount "22"]
[EventDate "2019.03.20"]
[EventType "swiss"]
[EventRounds "9"]
[EventCountry "ARG"]
[SourceTitle "CBM 189 Extra"]
[Source "ChessBase"]
[SourceDate "2019.06.03"]
[SourceVersion "1"]
[SourceVersionDate "2019.06.03"]
[SourceQuality "1"]

1. c4 c5 2. g3 g6 3. Bg2 Bg7 4. Nc3 e6 5. a3 a6 6. b4 Nc6 7. Bb2 cxb4 8. axb4 Nxb4 9. Qb3 a5 10. Na2 Bf6 11. Nxb4 Qb6 1-0

[Event "Buenos Aires La Porta Cup"]
[Site "Buenos Aires"]
[Date "2019.03.26"]
[Round "6"]
[White "Hungaski, Robert Andrew"]
[Black "Giampa, Alejandro"]
[Result "1-0"]
[WhiteElo "2505"]
[BlackElo "2251"]
[PlyCount "63"]
[EventDate "2019.03.20"]
[EventType "swiss"]
[EventRounds "9"]
[EventCountry "ARG"]
[SourceTitle "CBM 189 Extra"]
[Source "ChessBase"]
[SourceDate "2019.06.03"]
[SourceVersion "1"]
[SourceVersionDate "2019.06.03"]
[SourceQuality "1"]

1. e4 c5 2. Nf3 Nc6 3. d4 cxd4 4. Nxd4 g6 5. c4 Bg7 6. Be3 Nf6 7. Nc3 Ng4 8. Qxg4 Nxd4 9. Qd1 e5 10. Bd3 d6 11. 0-0 0-0 12. a4 Be6 13. a5 Rc8 14. Nd5 Bxd5 15. cxd5 a6 16. Qa4 f5 17. Bxd4 exd4 18. exf5 gxf5 19. f4 Kh8 20. Rfe1 Rc5 21. Re6 Qc7 22. Kf2 Rc1 23. Re1 Rxa1 24. Qxa1 Qc5 25. Qa2 b6 26. axb6 Qxb6 27. Re2 a5 28. Qa3 Rb8 29. g3 Bf8 30. h4 Qc7 31. Qa4 Qf7 32. Qxa5 1-0

[Event "Buenos Aires La Porta Cup"]
[Site "Buenos Aires"]
[Date "2019.03.25"]
[Round "5"]
[White "Giampa, Alejandro"]
[Black "Calens, Diego"]
[Result "1-0"]
[WhiteElo "2251"]
[BlackElo "2023"]
[PlyCount "77"]
[EventDate "2019.03.20"]
[EventType "swiss"]
[EventRounds "9"]
[EventCountry "ARG"]
[SourceTitle "CBM 189 Extra"]
[Source "ChessBase"]
[SourceDate "2019.06.03"]
[SourceVersion "1"]
[SourceVersionDate "2019.06.03"]
[SourceQuality "1"]

1. c4 c6 2. Nf3 d5 3. e3 Nf6 4. Nc3 g6 5. b3 Bg7 6. Bb2 0-0 7. Be2 Ne4 8. Qc1 Qa5 9. Nxe4 dxe4 10. Bxg7 Kxg7 11. Qb2+ Kg8 12. b4 Qf5 13. Nd4 Qg5 14. f4 exf3 15. Nxf3 Qxg2 16. Rg1 Qh3 17. Rg3 Qh6 18. 0-0-0 a5 19. b5 cxb5 20. Qxb5 Nc6 21. Rdg1 Bd7 22. Qb2 a4 23. Rg5 a3 24. Qc3 Qg7 25. d4 Rfc8 26. Kd2 b6 27. Rb1 Rab8 28. Rgb5 Bf5 29. Rxf5 gxf5 30. Rg1 Qxg1 31. Nxg1 Na5 32. Qb4 e6 33. Nf3 Nc6 34. Qd6 Na5 35. Ne5 Rb7 36. Nd7 b5 37. Nf6+ Kh8 38. Nh5 Nc6 39. cxb5 1-0

[Event "ARG-chT"]
[Site "Villa Martelli"]
[Date "2018.08.25"]
[Round "8.1"]
[White "Condino, Gabriel"]
[Black "Giampa, Alejandro"]
[Result "1-0"]
[WhiteElo "2158"]
[BlackElo "2227"]
[PlyCount "94"]
[EventDate "2018.07.07"]
[EventType "team-swiss"]
[EventRounds "9"]
[EventCountry "ARG"]
[SourceTitle "CBM 187 Extra"]
[Source "ChessBase"]
[SourceDate "2018.11.04"]
[SourceVersion "1"]
[SourceVersionDate "2018.11.04"]
[SourceQuality "1"]
[WhiteTeam "Tacticos y Estrategas"]
[BlackTeam "Quilmes"]
[WhiteTeamCountry "ARG"]
[BlackTeamCountry "ARG"]

1. Nf3 c5 2. c4 g6 3. Nc3 Bg7 4. g3 Nc6 5. Bg2 Nf6 6. 0-0 0-0 7. a3 d6 8. Rb1 Bf5 9. d3 Qd7 10. Re1 Rac8 11. b4 b6 12. Bd2 Rfd8 13. Qb3 Bg4 14. Qa2 Nd4 15. Nxd4 cxd4 16. Nd5 Nxd5 17. Bxd5 Be6 18. Rec1 Bf6 19. Qb3 Kg7 20. Bxe6 Qxe6 21. Qd1 h5 22. f3 g5 23. Qf1 g4 24. Qf2 Rh8 25. Kg2 Rh7 26. e4 Rch8 27. b5 h4 28. Rh1 gxf3+ 29. Qxf3 hxg3 30. hxg3 Rh3 31. Qf5 Qxf5 32. exf5 Rxh1 33. Rxh1 Ra8 34. Kf3 e6 35. Bh6+ Kg8 36. Ke4 a6 37. fxe6 fxe6 38. Rf1 Bh8 39. Rf8+ Rxf8 40. Bxf8 axb5 41. Bxd6 bxc4 42. dxc4 Bf6 43. Bc7 Be7 44. Bxb6 Bxa3 45. Bxd4 Bd6 46. g4 Kf7 47. c5 Bc7 1-0

[Event "ARG-chT"]
[Site "Villa Martelli"]
[Date "2018.07.28"]
[Round "4.2"]
[White "Blit, Jacques"]
[Black "Giampa, Alejandro"]
[Result "0-1"]
[WhiteElo "2367"]
[BlackElo "2227"]
[PlyCount "44"]
[EventDate "2018.07.07"]
[EventType "team-swiss"]
[EventRounds "9"]
[EventCountry "ARG"]
[SourceTitle "CBM 187 Extra"]
[Source "ChessBase"]
[SourceDate "2018.11.04"]
[SourceVersion "1"]
[SourceVersionDate "2018.11.04"]
[SourceQuality "1"]
[WhiteTeam "Torre Blanca"]
[BlackTeam "Quilmes"]
[WhiteTeamCountry "ARG"]
[BlackTeamCountry "ARG"]

1. d4 Nf6 2. Nf3 e6 3. Bf4 c5 4. e3 Qb6 5. Nc3 Nh5 6. Bg5 h6 7. Bh4 g5 8. Ne5 Nf6 9. Nc4 Qd8 10. Bg3 d5 11. Nb5 dxc4 12. Nc7+ Ke7 13. Nxa8 Nc6 14. Nc7 cxd4 15. exd4 Ne4 16. d5 Nxg3 17. hxg3 Qxc7 18. dxc6 Bg7 19. c3 Rd8 20. Qa4 Bxc3+ 21. Ke2 Qe5+ 22. Kf3 g4+ 0-1

[Event "ARG-ch sf 93rd"]
[Site "Buenos Aires"]
[Date "2018.05.24"]
[Round "6"]
[White "Pereyra, Horacio"]
[Black "Giampa, Alejandro"]
[Result "0-1"]
[WhiteElo "2071"]
[BlackElo "2243"]
[PlyCount "77"]
[EventDate "2018.05.19"]
[EventType "swiss"]
[EventRounds "9"]
[EventCountry "ARG"]
[SourceTitle "CBM 184 Extra"]
[Source "ChessBase"]
[SourceDate "2018.06.28"]
[SourceVersion "1"]
[SourceVersionDate "2018.06.28"]
[SourceQuality "1"]

1. e4 d6 2. d4 Nf6 3. Nc3 e5 4. Nf3 Nbd7 5. Bc4 Be7 6. 0-0 0-0 7. h3 c6 8. a4 b6 9. Be3 a6 10. d5 Bb7 11. dxc6 Bxc6 12. Nd2 Qc7 13. Qf3 Qb7 14. g4 b5 15. axb5 axb5 16. Rxa8 Rxa8 17. Bb3 b4 18. Nd5 Nxd5 19. exd5 Bb5 20. Re1 Ba4 21. Bxa4 Rxa4 22. Nb3 Ra2 23. Bc1 Nb6 24. Rd1 Qc7 25. Qe2 Qc4 26. Kf1 h6 27. f3 Bg5 28. Bxg5 hxg5 29. Qxc4 Nxc4 30. Ke2 Rxb2 31. Kd3 Nb6 32. Ra1 Nxd5 33. Kd2 Nc3 34. Ra8+ Kh7 35. Re8 d5 36. Rxe5 d4 37. Re7 f6 38. Ra7 Rb1 39. Nxd4 0-1

[Event "ARG-ch sf 93rd"]
[Site "Buenos Aires"]
[Date "2018.05.20"]
[Round "2"]
[White "Sosa, Tomas Sebastian"]
[Black "Giampa, Alejandro"]
[Result "1-0"]
[WhiteElo "2463"]
[BlackElo "2243"]
[PlyCount "57"]
[EventDate "2018.05.19"]
[EventType "swiss"]
[EventRounds "9"]
[EventCountry "ARG"]
[SourceTitle "CBM 184 Extra"]
[Source "ChessBase"]
[SourceDate "2018.06.28"]
[SourceVersion "1"]
[SourceVersionDate "2018.06.28"]
[SourceQuality "1"]

1. e4 c5 2. Nf3 Nc6 3. Bb5 e6 4. Bxc6 bxc6 5. Qe2 Ne7 6. d3 Qc7 7. h4 Ng6 8. h5 Nf4 9. Qd2 e5 10. Qc3 Nxg2+ 11. Kf1 Nf4 12. Bxf4 exf4 13. h6 Rg8 14. e5 d5 15. exd6 Qxd6 16. Nbd2 Be6 17. Ne4 Qd5 18. hxg7 Bxg7 19. Qxc5 Bxb2 20. Rb1 Bg7 21. Rxh7 Qxc5 22. Nxc5 Bd5 23. Re1+ Kd8 24. Ng5 Bc3 25. Nxf7+ Bxf7 26. Nb7+ Kc8 27. Re7 Be8 28. Rc7+ Kb8 29. Nd6 1-0

[Event "Platense-ch"]
[Site "La Plata"]
[Date "2018.01.13"]
[Round "8"]
[White "Giampa, Alejandro"]
[Black "Veliz, Ariel"]
[Result "1-0"]
[WhiteElo "2239"]
[BlackElo "1900"]
[PlyCount "55"]
[EventDate "2018.01.03"]
[EventType "swiss"]
[EventRounds "9"]
[EventCountry "ARG"]
[SourceTitle "EXT 2019"]
[Source "ChessBase"]
[SourceDate "2018.10.10"]
[SourceVersion "1"]
[SourceVersionDate "2018.10.10"]
[SourceQuality "1"]

1. Nf3 Nf6 2. c4 c6 3. b3 d5 4. Bb2 e6 5. g3 Be7 6. Bg2 0-0 7. 0-0 b5 8. Qc2 bxc4 9. bxc4 Ba6 10. d3 Nbd7 11. Nbd2 Rb8 12. Rab1 Qa5 13. Bc3 Bb4 14. Rxb4 Rxb4 15. Nd4 c5 16. a3 Qc7 17. axb4 cxd4 18. Bxd4 e5 19. Bb2 dxc4 20. Nxc4 Rb8 21. Qc3 Bxc4 22. dxc4 Qb6 23. Ba3 e4 24. Rd1 Qe6 25. c5 Ne5 26. Rd6 Qe7 27. Qd4 Ng6 28. Bc1 1-0

[Event "Platense-ch"]
[Site "La Plata"]
[Date "2018.01.07"]
[Round "4"]
[White "Giampa, Alejandro"]
[Black "Contin, Daniel"]
[Result "1/2-1/2"]
[WhiteElo "2239"]
[BlackElo "2260"]
[PlyCount "67"]
[EventDate "2018.01.03"]
[EventType "swiss"]
[EventRounds "9"]
[EventCountry "ARG"]
[SourceTitle "EXT 2019"]
[Source "ChessBase"]
[SourceDate "2018.10.10"]
[SourceVersion "1"]
[SourceVersionDate "2018.10.10"]
[SourceQuality "1"]

1. b3 Nf6 2. Bb2 g6 3. Bxf6 exf6 4. c4 Bg7 5. Nc3 0-0 6. e3 f5 7. Nge2 a6 8. g3 b5 9. Bg2 c6 10. d4 bxc4 11. bxc4 a5 12. 0-0 Ba6 13. Qa4 Ra7 14. Rab1 Qc7 15. Rfc1 Rb7 16. Rxb7 Qxb7 17. Rb1 Qc7 18. c5 Bf6 19. Rb6 Qa7 20. Rb2 Bd8 21. h4 Bc7 22. Bf3 h6 23. Qc2 Bc4 24. h5 Kg7 25. Nc1 Re8 26. Kg2 Qa6 27. Nb1 Bd5 28. Bxd5 cxd5 29. Qe2 Qe6 30. Qf3 Nc6 31. Rb7 Rc8 32. Nc3 Ne7 33. Nd3 g5 34. Qd1 1/2-1/2

[Event "Monteros op 7th"]
[Site "Monteros"]
[Date "2017.08.20"]
[Round "4"]
[White "Giampa, Alejandro"]
[Black "Gallo, Exequiel"]
[Result "1-0"]
[WhiteElo "2261"]
[BlackElo "1853"]
[PlyCount "79"]
[EventDate "2017.08.19"]
[EventType "swiss"]
[EventRounds "7"]
[EventCountry "ARG"]
[SourceTitle "EXT 2020"]
[Source "ChessBase"]
[SourceDate "2019.10.17"]
[SourceVersion "1"]
[SourceVersionDate "2019.10.17"]
[SourceQuality "1"]

1. d4 Nf6 2. Bf4 e6 3. e3 Be7 4. Bd3 b6 5. Nf3 Bb7 6. h3 d6 7. c3 Ne4 8. Qc2 f5 9. Nbd2 g5 10. Nxe4 gxf4 11. Ned2 fxe3 12. fxe3 Bh4+ 13. Ke2 Rg8 14. Rhg1 Rg3 15. d5 Bxd5 16. Qa4+ Qd7 17. Qxh4 Qg7 18. Kf2 Rg6 19. g4 Rh6 20. gxf5 Qf8 21. Rg8 Rxh4 22. Rxf8+ Kxf8 23. Nxh4 Nd7 24. c4 Bc6 25. fxe6 Ne5 26. Be2 Ke7 27. Nf5+ Kf6 28. Nd4 Bb7 29. N2f3 Rf8 30. Nxe5 dxe5 31. Nb5 c6 32. Nc3 Kxe6+ 33. Bf3 e4 34. Nxe4 Ke5 35. Nd2 c5 36. Ke2 Ba6 37. Rg1 h6 38. Rg7 Bc8 39. Bg4 Bxg4+ 40. hxg4 1-0

[Event "ARG-ch sf 92nd"]
[Site "Buenos Aires"]
[Date "2017.07.17"]
[Round "9.12"]
[White "Della Morte, German"]
[Black "Giampa, Alejandro"]
[Result "0-1"]
[WhiteElo "2326"]
[BlackElo "2229"]
[PlyCount "96"]
[EventDate "2017.07.10"]
[EventType "swiss"]
[EventRounds "9"]
[EventCountry "ARG"]
[SourceTitle "EXT 2018"]
[Source "ChessBase"]
[SourceDate "2017.10.13"]
[SourceVersion "1"]
[SourceVersionDate "2017.10.13"]
[SourceQuality "1"]

1. e4 d6 2. d4 Nf6 3. Nc3 e5 4. Nf3 Nbd7 5. Bc4 Be7 6. 0-0 0-0 7. Re1 c6 8. a4 a5 9. h3 h6 10. Ba2 Re8 11. Be3 Qc7 12. Qe2 exd4 13. Bxd4 Ne5 14. Nh4 Nh7 15. Nf5 Bf6 16. Rad1 Bxf5 17. exf5 d5 18. Kh1 Rad8 19. Qe3 Qc8 20. Qf4 Nd7 21. Be3 Bg5 22. Qd4 Bxe3 23. fxe3 Ndf6 24. Qb6 Ng5 25. Rf1 Nge4 26. Ne2 Nd6 27. Ng3 Nfe4 28. Nxe4 Rxe4 29. Bxd5 cxd5 30. Rxd5 Rb4 31. Qxa5 Rxb2 32. Rfd1 b6 33. Qd2 Rxc2 34. Qd4 Rc6 35. e4 f6 36. e5 fxe5 37. Qh4 Rc1 38. Qe7 Rxd1+ 39. Rxd1 Nf7 40. Rf1 Qd7 41. Qb4 Qd4 42. Qe7 Qc5 43. Qb7 Rd6 44. Qa8+ Kh7 45. f6 Qc4 46. Rf3 Rxf6 47. Rg3 Qc1+ 48. Kh2 Qf4 0-1

[Event "ARG-ch sf 92nd"]
[Site "Buenos Aires"]
[Date "2017.07.15"]
[Round "6"]
[White "Giampa, Alejandro"]
[Black "Slipak, Sergio"]
[Result "1/2-1/2"]
[WhiteElo "2229"]
[BlackElo "2435"]
[PlyCount "60"]
[EventDate "2017.07.10"]
[EventType "swiss"]
[EventRounds "9"]
[EventCountry "ARG"]
[SourceTitle "EXT 2018"]
[Source "ChessBase"]
[SourceDate "2017.10.13"]
[SourceVersion "1"]
[SourceVersionDate "2017.10.13"]
[SourceQuality "1"]

1. b3 c5 2. Bb2 Nc6 3. e4 d6 4. Bb5 e5 5. Ne2 Nge7 6. Ng3 a6 7. Be2 Ng6 8. Nc3 Nf4 9. Bf3 g6 10. Nge2 Ne6 11. h4 h5 12. Nd5 Bg7 13. c3 b5 14. Qc2 a5 15. a3 Bd7 16. g3 0-0 17. 0-0 Rc8 18. Bg2 Ne7 19. c4 Nd4 20. Nxe7+ Qxe7 21. Qd3 bxc4 22. bxc4 d5 23. Nxd4 dxc4 24. Nf5 Bxf5 25. Qxc4 Be6 26. Qe2 Rb8 27. Bc3 a4 28. Rfc1 Rb3 29. Qa6 Bd7 30. Bf1 Rfb8 1/2-1/2

[Event "ARG-ch sf 92nd"]
[Site "Buenos Aires"]
[Date "2017.07.15"]
[Round "7"]
[White "Julia, Ernesto"]
[Black "Giampa, Alejandro"]
[Result "1-0"]
[WhiteElo "2379"]
[BlackElo "2229"]
[PlyCount "127"]
[EventDate "2017.07.10"]
[EventType "swiss"]
[EventRounds "9"]
[EventCountry "ARG"]
[SourceTitle "EXT 2018"]
[Source "ChessBase"]
[SourceDate "2017.10.13"]
[SourceVersion "1"]
[SourceVersionDate "2017.10.13"]
[SourceQuality "1"]

1. Nf3 c5 2. g3 g6 3. Bg2 Bg7 4. 0-0 Nf6 5. c4 Nc6 6. Nc3 d6 7. d4 cxd4 8. Nxd4 Bd7 9. b3 Nxd4 10. Qxd4 Bc6 11. Bb2 0-0 12. Qd2 Nd7 13. h4 h5 14. Rab1 a5 15. e4 Re8 16. Kh2 Qb6 17. f4 a4 18. Nd5 Bxd5 19. exd5 Bxb2 20. Rxb2 axb3 21. axb3 Ra3 22. Rfb1 Nf6 23. Bf3 Qc7 24. Re1 Qa5 25. Qe3 Ra2 26. Ree2 Rxb2 27. Rxb2 b5 28. f5 Qa3 29. Rc2 bxc4 30. Rxc4 Qb2+ 31. Kh3 Qb1 32. fxg6 fxg6 33. Rf4 Qb2 34. Qe6+ Kg7 35. b4 Qe5 36. b5 Qxe6+ 37. dxe6 Rb8 38. Bc6 d5 39. Kg2 d4 40. Kf3 d3 41. Ke3 Rd8 42. Kd2 Rd6 43. Rf3 Ng4 44. Rxd3 Rxe6 45. Bd7 Rb6 46. Bxg4 Rxb5 47. Bd7 Ra5 48. Ke3 g5 49. hxg5 Rxg5 50. Kf4 Rc5 51. Re3 Kf6 52. Re6+ Kf7 53. Re5 Rc4+ 54. Kg5 Rc3 55. Kh4 Rd3 56. Bh3 Kf6 57. Rxh5 Re3 58. Rf5+ Kg6 59. Rf1 Re5 60. g4 Re3 61. Ra1 Kg7 62. Ra6 Kf7 63. g5 Re5 64. Kh5 1-0

[Event "ARG-ch sf 92nd"]
[Site "Buenos Aires"]
[Date "2017.07.12"]
[Round "3"]
[White "Dolezal, Cristian"]
[Black "Giampa, Alejandro"]
[Result "1-0"]
[WhiteElo "2400"]
[BlackElo "2229"]
[PlyCount "65"]
[EventDate "2017.07.10"]
[EventType "swiss"]
[EventRounds "9"]
[EventCountry "ARG"]
[SourceTitle "EXT 2018"]
[Source "ChessBase"]
[SourceDate "2017.10.13"]
[SourceVersion "1"]
[SourceVersionDate "2017.10.13"]
[SourceQuality "1"]

1. d4 d6 2. e4 Nf6 3. f3 e5 4. dxe5 dxe5 5. Qxd8+ Kxd8 6. Bc4 Ke8 7. Be3 Nbd7 8. Nd2 c6 9. Nb3 Bd6 10. a4 a5 11. Nh3 Bc7 12. Nf2 Bb6 13. Ke2 Bxe3 14. Kxe3 Nb6 15. Nd2 Ke7 16. Nd3 Nfd7 17. Ra3 f6 18. Ba2 Ra7 19. g3 Re8 20. h4 Na8 21. f4 exf4+ 22. gxf4 b6 23. Rg1 g6 24. h5 Nf8 25. Nf3 Kd8 26. Nd4 Ree7 27. Nf2 Bb7 28. Rd3 Rd7 29. hxg6 hxg6 30. Rgd1 Nc7 31. Ng4 Ke7 32. e5 fxe5 33. Nxe5 1-0

[Event "ARG-ch sf 92nd"]
[Site "Buenos Aires"]
[Date "2017.07.10"]
[Round "1"]
[White "Juarez, Facundo Andres"]
[Black "Giampa, Alejandro"]
[Result "0-1"]
[WhiteElo "1828"]
[BlackElo "2229"]
[PlyCount "64"]
[EventDate "2017.07.10"]
[EventType "swiss"]
[EventRounds "9"]
[EventCountry "ARG"]
[SourceTitle "EXT 2018"]
[Source "ChessBase"]
[SourceDate "2017.10.13"]
[SourceVersion "1"]
[SourceVersionDate "2017.10.13"]
[SourceQuality "1"]

1. e4 c5 2. c3 g6 3. Nf3 Bg7 4. d4 cxd4 5. cxd4 d5 6. exd5 Nf6 7. Nc3 0-0 8. h3 Nbd7 9. Bg5 Nb6 10. Bxf6 Bxf6 11. Qb3 e6 12. Bd3 exd5 13. 0-0 Be6 14. Rfe1 a6 15. Re2 Qd6 16. Rae1 Rfc8 17. Bb1 Rc4 18. Qd1 Rac8 19. Ne5 R4c7 20. Qd2 Qd8 21. Kh1 Nc4 22. Qf4 Bg5 23. Qg3 Bh4 24. Qf4 Qf6 25. Qxf6 Bxf6 26. Na4 b5 27. Nc5 Rxc5 28. dxc5 Nxe5 29. Rxe5 Bxe5 30. Rxe5 Rxc5 31. Bd3 Rc1+ 32. Kh2 Rd1 0-1

[Event "Olavarria Checkmate A"]
[Site "Olavarria"]
[Date "2016.08.13"]
[Round "2.7"]
[White "Giampa, Alejandro"]
[Black "Fischer, Pablo"]
[Result "1-0"]
[WhiteElo "2231"]
[BlackElo "2044"]
[PlyCount "113"]
[EventDate "2016.08.12"]
[EventType "swiss"]
[EventRounds "6"]
[EventCountry "ARG"]
[SourceTitle "EXT 2024"]
[Source "ChessBase"]
[SourceDate "2023.10.10"]
[SourceVersion "1"]
[SourceVersionDate "2023.10.10"]
[SourceQuality "1"]

1. b3 Nf6 2. Bb2 e6 3. Nf3 c5 4. e3 Nc6 5. c4 d5 6. cxd5 exd5 7. Be2 Be7 8. 0-0 0-0 9. d4 h6 10. Nc3 Be6 11. dxc5 Bxc5 12. Rc1 Qe7 13. Nb5 Ne4 14. Nbd4 Nxd4 15. Nxd4 Rac8 16. Bd3 a6 17. Rc2 Ba7 18. Qh5 Rxc2 19. Bxc2 Bb8 20. Bd3 Rc8 21. Nf5 Bxf5 22. Qxf5 Rd8 23. Rd1 g6 24. Qf3 Re8 25. g3 Be5 26. Qe2 Qf6 27. Bxe5 Qxe5 28. Qc2 Kg7 29. Bf1 Qe6 30. Qd3 Qf6 31. Qd4 Kg8 32. Qxf6 Nxf6 33. Bg2 Rd8 34. Rd4 Rd7 35. Kf1 Kf8 36. Ke2 Ke7 37. Rb4 Rc7 38. Kd3 Rd7 39. h3 Rc7 40. a4 Rd7 41. Kd4 g5 42. Rb6 Rc7 43. Bxd5 Rd7 44. e4 h5 45. Rxb7 Rxb7 46. Bxb7 a5 47. Bd5 Nd7 48. e5 h4 49. gxh4 gxh4 50. f4 Nf8 51. f5 Nh7 52. f6+ Ke8 53. Kc5 Ng5 54. Bg2 Kd7 55. Kb5 Ke6 56. Kxa5 Kxe5 57. Kb6 1-0

[Event "Olavarria Checkmate A"]
[Site "Olavarria"]
[Date "2016.08.12"]
[Round "1.3"]
[White "Real de Azua, Ernesto"]
[Black "Giampa, Alejandro"]
[Result "1-0"]
[WhiteElo "2454"]
[BlackElo "2231"]
[PlyCount "85"]
[EventDate "2016.08.12"]
[EventType "swiss"]
[EventRounds "6"]
[EventCountry "ARG"]
[SourceTitle "EXT 2024"]
[Source "ChessBase"]
[SourceDate "2023.10.10"]
[SourceVersion "1"]
[SourceVersionDate "2023.10.10"]
[SourceQuality "1"]

1. d4 d5 2. c4 c6 3. Nf3 Nf6 4. Nc3 a6 5. e3 g6 6. Be2 Bg7 7. 0-0 0-0 8. a4 b6 9. cxd5 cxd5 10. b3 Bb7 11. Ba3 Nbd7 12. Rc1 Re8 13. Ne5 e6 14. f4 Bf8 15. Bxf8 Rxf8 16. Bf3 Qe7 17. Qd2 Rfc8 18. Qb2 Qd6 19. g4 Rc7 20. g5 Ne8 21. Nd3 Rac8 22. Rf2 Ng7 23. Bg4 Nb8 24. Rfc2 Nc6 25. b4 Ne7 26. a5 Ngf5 27. Kf2 Rc4 28. axb6 Qxb6 29. Na4 Qb5 30. Nac5 Nd6 31. Be2 Rxc2 32. Rxc2 Nc4 33. Ne5 Nf5 34. Nxc4 dxc4 35. Bxc4 Qc6 36. d5 exd5 37. Bd3 d4 38. Ne4 Qb6 39. Nf6+ Kg7 40. Bxf5 gxf5 41. Rxc8 Bxc8 42. Qxd4 Qe6 43. Qd8 1-0

[Event "La Plata Maderna Memorial"]
[Site "La Plata"]
[Date "2016.06.28"]
[Round "5.1"]
[White "Spata, German"]
[Black "Giampa, Alejandro"]
[Result "1/2-1/2"]
[WhiteElo "2265"]
[BlackElo "2216"]
[PlyCount "99"]
[EventDate "2016.06.14"]
[EventType "swiss"]
[EventRounds "7"]
[EventCountry "ARG"]
[SourceTitle "EXT 2024"]
[Source "ChessBase"]
[SourceDate "2023.10.10"]
[SourceVersion "1"]
[SourceVersionDate "2023.10.10"]
[SourceQuality "1"]

1. d4 d5 2. c4 c6 3. Nf3 Nf6 4. Nc3 a6 5. g3 dxc4 6. a4 g6 7. Bg2 Bg7 8. 0-0 0-0 9. e4 Be6 10. Qe2 h6 11. Rd1 Nbd7 12. d5 cxd5 13. exd5 Bg4 14. Qxc4 Bxf3 15. Bxf3 Ne5 16. Qe2 Nxf3+ 17. Qxf3 Qd7 18. d6 Rfe8 19. dxe7 Qxe7 20. Be3 Rad8 21. Bd4 Rd6 22. Kg2 Rc6 23. Rd3 Qe6 24. Re3 Qd7 25. Rxe8+ Qxe8 26. Rd1 Qe6 27. h3 Kh7 28. Rd2 Kg8 29. Rd3 Qc4 30. Rd2 Rd6 31. Be3 Rxd2 32. Bxd2 Qb3 33. Ne4 Qxf3+ 34. Kxf3 Nxe4 35. Kxe4 Bxb2 36. Bxh6 b5 37. axb5 axb5 38. Kd5 Bc3 39. g4 f6 40. Be3 Kf7 41. f3 g5 42. f4 gxf4 43. Bxf4 Be1 44. Bd6 Kg6 45. Kc5 b4 46. Kc4 Kg5 47. Be7 Bc3 48. h4+ Kxh4 49. Bxf6+ Bxf6 50. Kxb4 1/2-1/2

[Event "Buenos Aires CC Argentino op"]
[Site "Buenos Aires"]
[Date "2014.05.08"]
[Round "5"]
[White "Gaztanaga, Pablo"]
[Black "Giampa, Alejandro"]
[Result "0-1"]
[WhiteElo "1992"]
[BlackElo "2215"]
[PlyCount "152"]
[EventDate "2014.04.24"]
[EventType "swiss"]
[EventRounds "9"]
[EventCountry "ARG"]
[SourceTitle "EXT 2016"]
[Source "ChessBase"]
[SourceDate "2015.10.08"]
[SourceVersion "1"]
[SourceVersionDate "2015.10.08"]
[SourceQuality "1"]

1. d4 d5 2. Nf3 c6 3. e3 Nf6 4. Bd3 g6 5. Nbd2 Bg7 6. c3 Nbd7 7. e4 dxe4 8. Nxe4 0-0 9. Bf4 Nh5 10. Bg5 h6 11. Be3 Qc7 12. Qc1 Kh7 13. Ng3 Nhf6 14. Bf4 Qa5 15. h4 h5 16. b4 Qb6 17. Ne5 Nxe5 18. Bxe5 Re8 19. 0-0 Kg8 20. Re1 Bg4 21. Bc4 Qd8 22. f3 Bc8 23. Qg5 e6 24. Qd2 a5 25. a3 b6 26. Qf4 Ba6 27. Bb3 Ra7 28. Rad1 Nd5 29. Bxd5 cxd5 30. bxa5 bxa5 31. Rb1 Qe7 32. Bd6 Qf6 33. Ne2 Rc8 34. Bc5 Raa8 35. g3 Qxf4 36. Nxf4 Bh6 37. Ne2 Bf8 38. Bxf8 Kxf8 39. Rbc1 Rab8 40. Kf2 Rb3 41. a4 Bxe2 42. Rxe2 Rcxc3 43. Rxc3 Rxc3 44. Rb2 Rc4 45. Ke3 Rxa4 46. Rb7 Kg7 47. Ra7 Ra1 48. Ra6 a4 49. g4 a3 50. Kf2 Kf6 51. gxh5 gxh5 52. Ra7 Kg6 53. Kg3 f6 54. Kf4 a2 55. Ra6 Rd1 56. Rxa2 Rxd4+ 57. Kg3 e5 58. Ra8 Rd3 59. Kg2 d4 60. Rg8+ Kf5 61. Rf8 Rb3 62. Kf2 Rc3 63. Rf7 Rc2+ 64. Kg3 Re2 65. Rd7 Re3 66. Rd6 Rd3 67. Kg2 Kg6 68. Rd7 Ra3 69. Kf2 d3 70. Kg3 f5 71. Rd6+ Kf7 72. Kf2 Ke7 73. Rh6 f4 74. Rxh5 Ke6 75. Rh8 Kd5 76. Rd8+ Kc4 0-1

[Event "Buenos Aires CC Argentino op"]
[Site "Buenos Aires"]
[Date "2014.04.30"]
[Round "2"]
[White "Dominguez, Diego"]
[Black "Giampa, Alejandro"]
[Result "1/2-1/2"]
[WhiteElo "2016"]
[BlackElo "2215"]
[PlyCount "95"]
[EventDate "2014.04.24"]
[EventType "swiss"]
[EventRounds "9"]
[EventCountry "ARG"]
[SourceTitle "EXT 2016"]
[Source "ChessBase"]
[SourceDate "2015.10.08"]
[SourceVersion "1"]
[SourceVersionDate "2015.10.08"]
[SourceQuality "1"]

1. d4 Nf6 2. c4 c5 3. dxc5 e6 4. Nf3 Bxc5 5. e3 0-0 6. Be2 b6 7. a3 Bb7 8. Nc3 a6 9. 0-0 Qc7 10. Qc2 Be7 11. Bd2 Nc6 12. b4 Rfc8 13. Rfc1 Ne5 14. Nxe5 Qxe5 15. f4 Qb8 16. e4 d6 17. Qb1 Bc6 18. Bf3 b5 19. cxb5 axb5 20. Qd3 Bd8 21. Rd1 Ra7 22. Bc1 Rd7 23. Bb2 Qb6+ 24. Kh1 Rb8 25. Qe2 Qb7 26. Rac1 Be7 27. h3 Rdd8 28. Rd2 Rdc8 29. Rdc2 Ne8 30. Nd5 Bf8 31. Nc3 Rc7 32. Nd1 Rbc8 33. Nf2 Bd7 34. e5 Rxc2 35. Rxc2 Rxc2 36. Qxc2 Qc7 37. Qxc7 Nxc7 38. Nd3 Nd5 39. Bd4 Bc6 40. Kg1 Be7 41. Kf2 f6 42. g3 Kf7 43. Bh5+ g6 44. Be2 h6 45. Nc1 g5 46. Nd3 Kg6 47. Bf3 Kf7 48. Bh5+ 1/2-1/2